000 01073cam a22002894a 4500
001 14584519
003 OSt
005 20230605104540.0
008 061005s2006 enka 001 0 eng
020 _a9291422975
040 _aDLC
_cDLC
_dDLC
082 0 0 _a328.3
_bBEE
100 1 _aBeetham, David.
245 1 0 _aParliament and democracy in the twenty-first century :
_ba guide to good practice /
_cDavid Beetham.; [cover and illustrations by Aloys Lolo].
246 1 2 _aParliament and democracy in the 21st century
260 _aGeneva :
_bInter-Parliamentary Union ,
_c2006.
300 _aXI,209 p
_bill., tables ;
_c23 cm.
650 0 _aLegislative bodies.
650 0 _aDemocracy.
650 0 _aRepresentative government and representation.
700 1 _aLolo, Aloys.
710 2 _aInter-parliamentary Union.
856 4 1 _3Table of contents only
_uhttp://www.loc.gov/catdir/toc/fy0706/2006483854.html
906 _a7
_bcbc
_corigres
_d2
_encip
_f20
_gy-gencatlg
942 _2ddc
_cBK
999 _c269
_d269